| 000 | 00711nam a22001937a 4500 | ||
|---|---|---|---|
| 005 | 20170726142735.0 | ||
| 020 |
_a9788185002644 _c695.00 |
||
| 035 | _aB-667321 | ||
| 037 |
_adpl _bAakar/Ven |
||
| 082 | _a781.5420954 | ||
| 100 | _aRanade, Ashok Da | ||
| 245 |
_aHindi film song: _cby Ashok Da Ranade _bmusic beyond boundries / |
||
| 260 |
_aNew Delhi _bPromilla & Co. _c2013 |
||
| 270 |
_aC-127, Sarvodaya Enclave, _bNew Delhi _e110017 |
||
| 300 |
_a440p. _c21cm(pbk) |
||
| 500 | _aIncludes bibliographical references and index | ||
| 942 |
_2ddc _cEN _h915.404532 _mMON |
||
| 999 |
_c142873 _d142873 |
||